|
|
|
|
| LEADER |
00701nta a2200217 i 4500 |
| 001 |
dipl120614 |
| 005 |
20211203143338.0 |
| 008 |
211203s2009 hu om 0|| zxx d |
| 040 |
|
|
|a SZTE Diploma Repozitórium
|b hun
|
| 041 |
|
|
|a zxx
|
| 100 |
1 |
|
|a Káplár Klára
|
| 245 |
1 |
0 |
|a Preventív egészség
|h [elektronikus dokumentum] /
|c Klára Káplár
|
| 246 |
1 |
0 |
|a Preventive health
|h [elektronikus dokumentum]
|
| 260 |
|
|
|c 2009
|
| 650 |
|
4 |
|a Pedagógusképzés
|
| 650 |
|
4 |
|a Nutrition, dietetics
|
| 650 |
|
4 |
|a Social sciences
|
| 650 |
|
4 |
|a Psychology
|
| 650 |
|
4 |
|a Sociology
|
| 700 |
1 |
|
|a Molnár Péter
|e ths
|
| 856 |
4 |
0 |
|u http://diploma.bibl.u-szeged.hu/id/eprint/120614/1/2009_kaplar_klara.pdf
|z Dokumentum-elérés
|